000 00488nam a22001575i 4500
001 48716
003 ES-MaACL
007 t|
008 950727s1881 sp ||||1| spa d
040 _aCAM
_bspa
_cCAM
100 1 _aZarzoso y Ventura, Ezequiel.
_9118094
245 1 0 _aDiccionario de legislación y jurisprudencia mercantil... /
_cpor Ezequiel Zarzoso y Ventura.
260 _aValencia :
_bJuan Mariana y Sanz,
_c1881.
300 _a1028, [2] p. ;
_c24 cm.
852 _aES-MaACL
_jB-5145
999 _c48716
_d48716